La vida de las marionetas / (Record no. 22649)

000 -CABECERA
campo de control de longitud fija 01013nam a2200301 i 4500
001 - NÚMERO DE CONTROL
campo de control C00609052
003 - IDENTIFICADOR DEL NÚMERO DE CONTROL
campo de control OSt
005 - FECHA Y HORA DE LA ÚLTIMA TRANSACCIÓN
campo de control 20221212083657.0
007 - CAMPO FIJO DE DESCRIPCIÓN FÍSICA--INFORMACIÓN GENERAL
campo de control de longitud fija ta
008 - DATOS DE LONGITUD FIJA--INFORMACIÓN GENERAL
campo de control de longitud fija 220630s2021 pe gr 000 j spa
017 ## - NÚMERO DE COPYRIGHT O DE DEPÓSITO LEGAL
Número de copyright o de depósito legal 2021-09744
020 ## - NÚMERO INTERNACIONAL ESTÁNDAR DEL LIBRO
Número Internacional Estándar del Libro 9786124294303
040 ## - FUENTE DE LA CATALOGACIÓN
Centro catalogador/agencia de origen pelibn
Lengua de catalogación spa
Normas de descripción rda
Centro/agencia transcriptor pelibn
082 14 - NÚMERO DE LA CLASIFICACIÓN DECIMAL DEWEY
Número de clasificación 869.57
100 1# - ENTRADA PRINCIPAL--NOMBRE DE PERSONA
Nombre de persona Moreno, Fiorella,
Fechas asociadas al nombre 1990-,
Término indicativo de función/relación autor.
9 (RLIN) 48751
245 13 - MENCIÓN DE TÍTULO
Título La vida de las marionetas /
Mención de responsabilidad, etc. Fiorella Moreno.
250 ## - MENCIÓN DE EDICIÓN
Mención de edición Primera edición.
264 31 - PRODUCCIÓN, PUBLICACIÓN, DISTRIBUCIÓN, FABRICACIÓN Y COPYRIGHT
Producción, publicación, distribución, fabricación y copyright Lima :
Nombre del de productor, editor, distribuidor, fabricante Alastor Editores,
Fecha de producción, publicación, distribución, fabricación o copyright 2021.
264 33 - PRODUCCIÓN, PUBLICACIÓN, DISTRIBUCIÓN, FABRICACIÓN Y COPYRIGHT
Producción, publicación, distribución, fabricación y copyright Lima :
Nombre del de productor, editor, distribuidor, fabricante F. M. Servicios Gráficos.
300 ## - DESCRIPCIÓN FÍSICA
Extensión 187 páginas, 3 páginas sin numerar ;
Dimensiones 21 cm.
336 ## - TIPO DE CONTENIDO
Término de tipo de contenido Texto
Fuente rdacontent
337 ## - TIPO DE MEDIO
Nombre/término del tipo de medio sin mediación
Fuente rdamedia
338 ## - TIPO DE SOPORTE
Nombre/término del tipo de soporte volumen
Fuente rdacarrier
490 0# - MENCIÓN DE SERIE
Mención de serie La historia interminable del fuego ;
Designación de volumen o secuencia 1
650 18 - PUNTO DE ACCESO ADICIONAL DE MATERIA--TÉRMINO DE MATERIA
Término de materia o nombre geográfico como elemento de entrada Cuentos peruanos
Subdivisión cronológica -Siglo XXI.
9 (RLIN) 48225
942 ## - ELEMENTOS DE PUNTO DE ACCESO ADICIONAL (KOHA)
Fuente del sistema de clasificación o colocación
Tipo de ítem Koha Libros-BMC
Holdings
Estado de retiro Estado de pérdida Fuente del sistema de clasificación o colocación Estado dañado No para préstamo Localización permanente Ubicación/localización actual Ubicación en estantería Fecha de adquisición Fuente de adquisición Coste, precio normal de compra Signatura topográfica completa Código de barras Fecha visto por última vez Precio válido a partir de Tipo de ítem Koha
          Sala Humanidades Sala Humanidades Book Cart 2022-12-12 Donación 40.00 869.57/M8633V SH0000016486 2022-12-12 2022-12-12 Libros-BMC

Powered by Koha